000 01264nam a22002777a 4500
005 20170324105358.0
008 140714b xxu||||| |||| 00| 0 Urdu d
010 _aUR-8531 B-548289 B-665934
020 _c380.00
_a9789381029459
035 _aU-7086 B-548289 B-665934
037 _bBPPD/Publishers/Venders
037 _bDBAD/Pub.
037 _bStar Pub.(Vend.)/Arshia Pub.(Pub.)
040 _aDPL
_bUrdu
082 _a920.841
100 _aر قيہ خا تو ن
245 _aکيفی آعظمی :حيا ت اور شا عر ی
_cر قيہ خا تو ن
246 _aKaify Azmi : Hayat Aur Shayri
_bComp.by Roquiya Khatoon
260 _bArshia Publictions
_bStar Publications.( Vender)
_c2013
260 _a4/5Asaf Ali Road,New Delhi-110002
270 _aA-170,Ground Floor, 3,Surya Apartment, Dilshad Colony,
_b دھلی
_e110095
_k9971775969
300 _a352ص
_c22Cm(Pb)
942 _2ddc
_cUR
_mر ق ی
_h920.841
999 _c87800
_d87800